00479nam a2200109Ia 4500008004100000050002500041100002500066245015600091260008600247300002100333521001500354140724s9999 xx 000 0 und d aBF 698.4b.G118 2014 aGabriel, Ma Anita S. aLevels of personality types and procrastination of BS Psychologyology students of Southville International School and Colleges /cMa. Anita S. Gabriel. aLas Piñas, Philippines :bSouthville International School and Colleges,cc2014. a104 p. :c28 cm. aPsychology